Jogos da Seleção da Suécia em Copas do Mundo da FIFA - Statistics

Estatísticas Gerais
  • Esse quiz foi jogado 39 vezes
  • A pontuação média é 46 de 51
Estatísticas das Respostas
Resultado Adversário % Correto
Itália 1934 1-2 Alemanha
100%
Alemanha 2006 0-2 Alemanha
100%
Rússia 2018 1-2 Alemanha
100%
Suécia 1958 3-1 Alemanha Ocidental
100%
Alemanha Ocidental 1974 2-4 Alemanha Ocidental
100%
Itália 1934 3-2 Argentina
100%
Coreia do Sul / Japão 2002 1-1 Argentina
100%
Rússia 2018 1-0 Coreia do Sul
100%
Suécia 1958 3-0 México
100%
Rússia 2018 3-0 México
100%
Estados Unidos 1994 3-1 Rússia
100%
Brasil 1950 2-3 Uruguai
100%
México 1970 1-0 Uruguai
100%
Alemanha Ocidental 1974 3-0 Uruguai
100%
França 1938 2-4 Brasil
96%
Brasil 1950 1-7 Brasil
96%
Suécia 1958 2-5 Brasil
96%
Argentina 1978 1-1 Brasil
96%
Itália 1990 1-2 Brasil
96%
Estados Unidos 1994 1-1 Brasil
96%
Estados Unidos 1994 0-1 Brasil
96%
Alemanha Ocidental 1974 0-0 Bulgária
96%
Estados Unidos 1994 4-0 Bulgária
96%
Itália 1990 1-2 Escócia
96%
Alemanha Ocidental 1974 0-0 Holanda
96%
França 1938 1-5 Hungria
96%
Suécia 1958 2-1 Hungria
96%
Coreia do Sul / Japão 2002 1-1 Inglaterra
96%
Alemanha 2006 2-2 Inglaterra
96%
Rússia 2018 0-2 Inglaterra
96%
Suécia 1958 2-0 União Soviética
96%
Argentina 1978 0-1 Áustria
92%
Brasil 1950 3-1 Espanha
92%
Argentina 1978 0-1 Espanha
92%
Brasil 1950 3-2 Itália
92%
México 1970 0-1 Itália
92%
Itália 1990 1-2 Costa Rica
88%
Alemanha Ocidental 1974 0-1 Polônia
88%
Estados Unidos 1994 2-2 (5-4 pen) Romênia
88%
Rússia 2018 1-0 Suíça
88%
Brasil 1950 2-2 Paraguai
83%
Alemanha 2006 1-0 Paraguai
83%
Estados Unidos 1994 3-1 Arábia Saudita
79%
Estados Unidos 1994 2-2 Camarões
79%
Alemanha Ocidental 1974 2-1 Iugoslávia
79%
Coreia do Sul / Japão 2002 2-1 Nigéria
79%
Coreia do Sul / Japão 2002 1-2 Senegal
79%
França 1938 8-0 Cuba
75%
Suécia 1958 0-0 País de Gales
71%
Alemanha 2006 0-0 Trinidad e Tobago
58%
México 1970 1-1 Israel
38%
Nenhum quiz correspondente encontrado
Distribuição das Pontuações
Porcentagem de Pessoas com Cada Pontuação
Percentil de Números Respondidos
Sua Pontuação Histórica
Você não jogou esse quiz